| 000 | 00345nam a22001217a 4500 | ||
|---|---|---|---|
| 999 |
_c4541 _d4541 |
||
| 008 | 250227b ||||| |||| 00| 0 eng d | ||
| 020 | _a9780448479170 | ||
| 082 | _a974.7 HOL | ||
| 100 |
_aHOLUB,JOAN _eAUTHOR |
||
| 245 | _aWHAT IS THE STATUE OF LIBERTY | ||
| 260 |
_a345 HUDSON STREET ,NEW YORK,NEW YORK 10014 _bGROSSET&DUNLAP _c2014 |
||
| 942 | _2ddc | ||